00621nam a2200193Ia 4500008004100000020001400041082001800055100001700073245004200090250000800132260003800140300002800178500001900206600002100225650005000246942000700296952010900303999001500412240925s9999 xx 000 0 und d a735700109 a005.30287 HIC aAdamson, Jay 0aNetworking Essentials Test Prep MCSE  a2nd aIndianapolis:bNew Ridersc,1999. axiv,316p.bNAfOriginal aIncludes Index aComputer Science aComputer science, information & general works cBK 011040708CSaUITUbUITUd2000-04-04eNAl0o005.30287 HICpQ3360r2024-09-25 07:13:07w2024-09-25yBK c5859d5859